000 00553nam a22001937a 4500
003 LK-CoMWRAF
005 20240315141506.0
008 240311b2009 |||||||| |||| 00| 0 eng d
040 _aLK-CoMWRAF
_dLK-CoMWRAF
_eLK-CoMWRAF
082 _a929
_bFAM
245 _aFamily of Muthalif Vaithiyar as on 01.01.2009
260 _a[Dehiwala]:
_b[Author],
_c2009
300 _a17 p.
650 _aMUSLIM FAMILIES-Sri Lanka
700 _aRazmy, A. Mohamed
_ecomp.
700 _aAhamad, A.J. Sabry
_ecomp.
700 _aMusfique, M.M. Mohamed
_ecomp.
942 _cBK
999 _c4858
_d4858